ONCE THE HINDUS RULED THE BRITISH/ (Record no. 203213)

MARC details
000 -LEADER
fixed length control field 00605nam a22001937a 4500
005 - DATE AND TIME OF LATEST TRANSACTION
control field 20240524113206.0
010 ## - LCCN (DPL NO)
LC control number ENG-140446
020 ## - INTERNATIONAL STANDARD BOOK NUMBER
International Standard Book Number 9789384101152
Terms of availability 850.00
035 ## - SYSTEM CONTROL NUMBER
-- EN-123978
037 ## - SOURCE OF ACQUISITION
Source of stock number/acquisition DBAD/PUB
082 ## - DEWEY DECIMAL CLASSIFICATION NUMBER
Classification number 929.107241
100 ## - MAIN ENTRY--PERSONAL NAME
Personal name Choudhury, Paramesh
245 ## - TITLE STATEMENT
Title ONCE THE HINDUS RULED THE BRITISH/
Remainder of title By Paramesh Choudhury
Medium ENGLISH
260 ## - PUBLICATION, DISTRIBUTION, ETC. (IMPRINT)
Place of publication, distribution, etc Kolkata
Name of publisher, distributor, etc Sagnik Books
Date of publication, distribution, etc 2016
270 ## - ADDRESS
Address 55B, Shitalatala Road, Dakshinpara, Barasat, Kolkata- 700124
300 ## - PHYSICAL DESCRIPTION
Extent 344p
Dimensions 22cm .(Hbk)
500 ## - GENERAL NOTE
General note Includes Notes
942 ## - ADDED ENTRY ELEMENTS (KOHA)
Source of classification or shelving scheme Dewey Decimal Classification
Item type English Books
Classification part 929.107241
Call number suffix CHO
Edition 1
Holdings
Withdrawn status Lost status Not for loan Collection code Home library Current library Date acquired Source of acquisition Cost, normal purchase price Full call number Barcode Cost, replacement price Koha item type
      Non-fiction Central Jail Tihar Central Jail Tihar 24/05/2024 DBAD 850.00 929.107241 CHO EN-123978 850.00 English Books

© Delhi Public Library
Hit Counter
free hit counter